<?xml version="1.0" encoding="UTF-8"?><?xml-stylesheet type="text/xsl" href="static/style.xsl"?><OAI-PMH xmlns="http://www.openarchives.org/OAI/2.0/" xmlns:xsi="http://www.w3.org/2001/XMLSchema-instance" xsi:schemaLocation="http://www.openarchives.org/OAI/2.0/ http://www.openarchives.org/OAI/2.0/OAI-PMH.xsd"><responseDate>2026-04-14T04:39:42Z</responseDate><request verb="GetRecord" identifier="oai:www.recercat.cat:10230/59991" metadataPrefix="marc">https://recercat.cat/oai/request</request><GetRecord><record><header><identifier>oai:recercat.cat:10230/59991</identifier><datestamp>2025-12-18T01:15:17Z</datestamp><setSpec>com_2072_6</setSpec><setSpec>col_2072_452952</setSpec></header><metadata><record xmlns="http://www.loc.gov/MARC21/slim" xmlns:dcterms="http://purl.org/dc/terms/" xmlns:xsi="http://www.w3.org/2001/XMLSchema-instance" xmlns:doc="http://www.lyncode.com/xoai" xsi:schemaLocation="http://www.loc.gov/MARC21/slim http://www.loc.gov/standards/marcxml/schema/MARC21slim.xsd">
   <leader>00925njm 22002777a 4500</leader>
   <datafield ind2=" " ind1=" " tag="042">
      <subfield code="a">dc</subfield>
   </datafield>
   <datafield ind2=" " ind1=" " tag="720">
      <subfield code="a">Rodrigo y Alharilla, Martín</subfield>
      <subfield code="e">author</subfield>
   </datafield>
   <datafield ind2=" " ind1=" " tag="260">
      <subfield code="c">2024-05-03T06:01:25Z</subfield>
   </datafield>
   <datafield ind2=" " ind1=" " tag="260">
      <subfield code="c">2024-05-03T06:01:25Z</subfield>
   </datafield>
   <datafield ind2=" " ind1=" " tag="260">
      <subfield code="c">2023</subfield>
   </datafield>
   <datafield ind2=" " ind1=" " tag="520">
      <subfield code="a">Barcelona fue el lugar elegido por muchos indianos enriquecidos en Cuba y Puerto Rico al instalarse en Europa. Unos indianos que durante el Sexenio Democrático se organizaron en el Círculo Hispano-Ultramarino de dicha ciudad para presionar por el mantenimiento de la esclavitud en ambas Antillas, primero, y para desestabilizar a la I República, después. Aquella entidad fue capaz de implicar en sus campañas antiabolicionistas y proesclavistas a las principales organizaciones económicas catalanas, así como a amplios sectores de las élites de Cataluña, quienes asumieron públicamente sus argumentos participando en plataformas más amplias como la Liga Nacional o la Comisión Defensora de los Intereses de España en Cuba. Y aunque la presión proesclavista no pudo evitar la abolición de la esclavitud en Puerto Rico y en Cuba, sí consiguió alargar su vigencia durante unos años en la Gran Antilla mediante la institución del Patronato. El legado más destacable (y también el más perdurable) del Círculo Hispano-Ultramarino de Barcelona fue el Banco Hispano Colonial, una entidad financiera nacida en 1876 que acabaría transformándose en un verdadero banco de negocios y que gestionaría las aduanas cubanas hasta el final de la dominación española sobre la isla, en 1898.</subfield>
   </datafield>
   <datafield ind2=" " ind1=" " tag="520">
      <subfield code="a">Este artículo forma parte del proyecto de investigación financiado por el Ministerio&#xd;
de Ciencia e Innovación PID2019-105204GB-I00</subfield>
   </datafield>
   <datafield tag="653" ind2=" " ind1=" ">
      <subfield code="a">Barcelona</subfield>
   </datafield>
   <datafield tag="653" ind2=" " ind1=" ">
      <subfield code="a">Cuba</subfield>
   </datafield>
   <datafield tag="653" ind2=" " ind1=" ">
      <subfield code="a">Puerto Rico</subfield>
   </datafield>
   <datafield tag="653" ind2=" " ind1=" ">
      <subfield code="a">esclavitud</subfield>
   </datafield>
   <datafield tag="653" ind2=" " ind1=" ">
      <subfield code="a">antiabolicionismo</subfield>
   </datafield>
   <datafield ind2="0" ind1="0" tag="245">
      <subfield code="a">Defendiendo el «suave yugo» de «la mal llamada esclavitud»: el Círculo Hispano-Ultramarino de Barcelona (1871-1880)</subfield>
   </datafield>
</record></metadata></record></GetRecord></OAI-PMH>